[Event "GRE-ch South U14"]
[Site "Athens"]
[Date "2020.08.31"]
[Round "5"]
[White "Basinas, Konstantinos"]
[Black "Goutoufas, Christos"]
[Result "1-0"]
[WhiteElo "1500"]
[BlackElo "1471"]
[PlyCount "93"]
[EventDate "2020.08.28"]
[EventType "swiss"]
[EventRounds "9"]
[EventCountry "GRE"]
[SourceTitle "EXT 2023"]
[Source "ChessBase"]
[SourceDate "2022.10.05"]
[SourceVersion "1"]
[SourceVersionDate "2022.10.05"]
[SourceQuality "1"]

1. d4 d5 2. c4 e6 3. Nf3 Nf6 4. g3 Be7 5. Bg2 0-0 6. 0-0 b6 7. Qc2 Bb7 8. Nbd2 Nbd7 9. b3 c5 10. Bb2 Rc8 11. e3 Qc7 12. Rac1 Qb8 13. Qb1 Qa8 14. cxd5 Bxd5 15. Qd3 Ne4 16. Ne1 Ndf6 17. f3 Nxd2 18. Qxd2 cxd4 19. Bxd4 Rxc1 20. Qxc1 Rc8 21. Qb2 Rc7 22. Nd3 Qc8 23. Rf2 Bb7 24. Be5 Rd7 25. Rc2 Qd8 26. Bd4 Nd5 27. Ne5 Rd6 28. Nc4 Rd7 29. a3 f6 30. f4 b5 31. Nd2 e5 32. fxe5 fxe5 33. Bxa7 Nxe3 34. Bxe3 Bxg2 35. Kxg2 Bf6 36. Qc1 Qe7 37. Rc8+ Kf7 38. Bc5 Qe6 39. Rf8+ Kg6 40. Qc2+ Kh6 41. Be3+ g5 42. Ne4 Be7 43. Rc8 Qd5 44. Qc6+ Kh5 45. Qxd5 Rxd5 46. Rc6 Rd3 47. h3 1-0

[Event "GRE-ch South U14"]
[Site "Athens"]
[Date "2020.08.29"]
[Round "3"]
[White "Toumpezoglou, Dimitrios"]
[Black "Goutoufas, Christos"]
[Result "0-1"]
[WhiteElo "1177"]
[BlackElo "1471"]
[PlyCount "104"]
[EventDate "2020.08.28"]
[EventType "swiss"]
[EventRounds "9"]
[EventCountry "GRE"]
[SourceTitle "EXT 2023"]
[Source "ChessBase"]
[SourceDate "2022.10.05"]
[SourceVersion "1"]
[SourceVersionDate "2022.10.05"]
[SourceQuality "1"]

1. e4 c5 2. Nf3 e6 3. Nc3 Nc6 4. d4 cxd4 5. Nxd4 Nf6 6. Bf4 d6 7. Bb5 Bd7 8. 0-0 e5 9. Nxc6 bxc6 10. Bxe5 dxe5 11. Ba4 Bc5 12. Qf3 0-0 13. Rad1 Qc7 14. a3 Bg4 15. Qd3 Bxd1 16. Rxd1 Rfd8 17. Qe2 Rxd1+ 18. Qxd1 Qb6 19. b4 Bxf2+ 20. Kf1 Qe3 21. Bxc6 Rf8 22. Nd5 Qd4 23. Nxf6+ gxf6 24. Qe2 Rd8 25. Bd5 Be3 26. Qe1 Qd2 27. Qxd2 Bxd2 28. Ke2 Bc1 29. a4 f5 30. Kf3 Kf8 31. c4 Ba3 32. b5 f4 33. Kg4 Ke7 34. Kf5 Bd6 35. Kg4 Rg8+ 36. Kf3 Rg7 37. Kf2 Kd7 38. Bc6+ Kc7 39. a5 Bb4 40. a6 Kb6 41. Bd5 Kc5 42. Kf3 Ba5 43. Kf2 f6 44. Kf3 h5 45. Kf2 Rd7 46. Kf3 Rxd5 47. cxd5 Kxb5 48. Ke2 Kxa6 49. Kd3 Kb5 50. d6 Kc6 51. d7 Kxd7 52. Kc4 Kc6 0-1

[Event "GRE-ch South U14"]
[Site "Athens"]
[Date "2020.08.28"]
[Round "1"]
[White "Tsiripov, Christoforos"]
[Black "Goutoufas, Christos"]
[Result "0-1"]
[WhiteElo "1003"]
[BlackElo "1471"]
[PlyCount "76"]
[EventDate "2020.08.28"]
[EventType "swiss"]
[EventRounds "9"]
[EventCountry "GRE"]
[SourceTitle "EXT 2023"]
[Source "ChessBase"]
[SourceDate "2022.10.05"]
[SourceVersion "1"]
[SourceVersionDate "2022.10.05"]
[SourceQuality "1"]

1. e4 c5 2. d3 e6 3. Nd2 d5 4. Ngf3 Nf6 5. Qe2 Be7 6. g3 0-0 7. Bg2 Nc6 8. c3 b6 9. 0-0 Ba6 10. e5 Nd7 11. Re1 Qc7 12. Nf1 Rfe8 13. h4 f6 14. exf6 Bxf6 15. N1h2 e5 16. Qc2 Qd6 17. Ng4 Rad8 18. Bg5 Bxg5 19. Nxg5 h6 20. Nh3 Nf6 21. Nxf6+ Qxf6 22. Rad1 Qg6 23. Qa4 Bxd3 24. Rxd3 Qxd3 25. Qxc6 Qd2 26. Rf1 e4 27. Qb5 d4 28. cxd4 cxd4 29. Qb3+ Kh8 30. Rd1 Qe2 31. Nf4 Qg4 32. Bh3 Qf3 33. Qxf3 exf3 34. Rd3 Re1+ 35. Bf1 Rc8 36. Rxd4 Rxf1+ 37. Kxf1 Rc1+ 38. Rd1 Rxd1# 0-1

[Event "GRE-chT 46th"]
[Site "Rio Achaia"]
[Date "2018.07.15"]
[Round "7.17"]
[White "Goutoufas, Christos"]
[Black "Papanagiotou, Dimitrios"]
[Result "1-0"]
[WhiteElo "1434"]
[BlackElo "1031"]
[PlyCount "47"]
[EventDate "2018.07.10"]
[EventType "team"]
[EventRounds "7"]
[EventCountry "GRE"]
[SourceTitle "CBM 185 Extra"]
[Source "ChessBase"]
[SourceDate "2018.07.29"]
[SourceVersion "1"]
[SourceVersionDate "2018.07.29"]
[SourceQuality "1"]
[WhiteTeam "You Go You"]
[BlackTeam "Larissa"]
[WhiteTeamCountry "GRE"]
[BlackTeamCountry "GRE"]

1. d4 d5 2. c4 Nf6 3. cxd5 Nxd5 4. Nc3 c6 5. e4 Nb6 6. Be3 Bd7 7. a4 a5 8. Bd3 e6 9. Nge2 Bb4 10. 0-0 Qe7 11. Na2 c5 12. Nxb4 cxd4 13. Bxd4 Qxb4 14. Bc3 Qf8 15. b3 Nc6 16. Nd4 Qc5 17. Nb5 0-0 18. Rc1 Qg5 19. f4 Qh6 20. Rf3 e5 21. f5 Nc8 22. Rg3 N8a7 23. Bd2 Qf6 24. Bg5 1-0

[Event "GRE-chT 46th"]
[Site "Rio Achaia"]
[Date "2018.07.11"]
[Round "2.16"]
[White "Gioutsos, Vasileios"]
[Black "Goutoufas, Christos"]
[Result "1-0"]
[WhiteElo "1339"]
[BlackElo "1434"]
[PlyCount "81"]
[EventDate "2018.07.10"]
[EventType "team"]
[EventRounds "7"]
[EventCountry "GRE"]
[SourceTitle "CBM 185 Extra"]
[Source "ChessBase"]
[SourceDate "2018.07.29"]
[SourceVersion "1"]
[SourceVersionDate "2018.07.29"]
[SourceQuality "1"]
[WhiteTeam "Ioannites Skakiston"]
[BlackTeam "You Go You"]
[WhiteTeamCountry "GRE"]
[BlackTeamCountry "GRE"]

1. e4 c5 2. Nf3 Nc6 3. c3 d5 4. exd5 Qxd5 5. d4 e6 6. Be2 Nf6 7. 0-0 Be7 8. h3 0-0 9. Be3 b6 10. dxc5 bxc5 11. Nbd2 Bb7 12. Nb3 Ne4 13. Qc2 c4 14. Nbd2 Nxd2 15. Qxd2 Rfd8 16. Qc2 Na5 17. Rfd1 Qc6 18. Rxd8+ Bxd8 19. b4 cxb3 20. axb3 Bb6 21. Bxb6 Qxb6 22. b4 Nc6 23. Ng5 g6 24. Qe4 h6 25. Nf3 a5 26. b5 Ne7 27. Qf4 Kg7 28. Ne5 Nf5 29. g4 g5 30. Nd7 Qd6 31. Qxd6 Nxd6 32. Nb6 Ra7 33. c4 Nc8 34. Nxc8 Bxc8 35. b6 Ra8 36. c5 Bb7 37. Bb5 Rc8 38. Rc1 Bc6 39. Bxc6 Kf6 40. b7 Rb8 41. Bf3 1-0